00638nam a2200217 a 450000100100000000500170001000800410002702000150006804000250008308200200010810000320012824500390016026000410019930000210024049000330026165000280029465000320032283000400035404900090039499900170040300002135020200930011315.0100906s1984 sp 000 0 spa d a8401903173 aDO-SdBNPbspacBNPHU aPa863.44bR628m1 aRoa Bastos, Augusto.94458710aMoriencia / :bAugusto Roa Bastos. aBarcelona :bPlaza & Janés,c1984. a224 p. ;c19 cm.1 aBiblioteca Letras del Exilio 4aNovela paraguaya915048 4aLiteratura paraguaya915641 0aBiblioteca Letras del Exilio922783 aBNGR c20850d20850